000 01520cad a22002655a 4500
001 L144870
008 080815s2008 xxkd f f000 0 eng d
020 _a9781409803836
035 _a(Sirsi) u144870
041 0 _aeng
050 0 4 _a333.33 $2 18
110 1 _aUnited Kingdom
_bDepartment for Communities and Local Government
_94939
245 0 0 _aDisplay Energy Certificates (DEC) and Advisory Reports (AR)
_btransitional arrangements for buildings on a site or campus
_h[electronic resource]
260 _aLondon
_bDCLG
_c2008
520 _aThis guidance is intended to help those organisations producing Display Energy Certificates (DECs) for buildings on a site or campus to comply with the regulations (see L143523). Covers: background to the transitional arrangements; scope of the transitional arrangements; when the arrangements should be used; timescales; a site-based DEC and the site-based advisory report.
590 _aKA
650 2 4 _aDISPLAY ENERGY CERTIFICATE
650 2 4 _aCOMMERCIAL ENERGY PERFORMANCE CERTIFICATES
650 2 4 _aEUROPEAN ENERGY PERFORMANCE OF BUILDINGS DIRECTIVE 2002/91/EC
650 2 4 _aENERGY PERFORMANCE OF BUILDINGS (CERTIFICATES AND INSPECTIONS) (ENGLAND AND WALES) REGULATIONS 2007
651 4 _aUnited Kingdom
_y
690 _aENVIRONMENTAL AND LAND CONSULTANCY-ENERGY-ENERGY USE-ENERGY EFFICIENCY
856 4 0 _uhttps://www.communities.gov.uk/documents/planningandbuilding/pdf/919529.pdf
_zView the website free of charge at www.communities.gov.uk...
942 _n0
999 _c108637
_d108637